| 000 | 00729nam a22002297a 4500 | ||
|---|---|---|---|
| 999 |
_c6446 _d6446 |
||
| 001 | 957 | ||
| 003 | BD-DhUAP | ||
| 005 | 20201231122639.0 | ||
| 008 | 201231s1992 bg ||||| |||| 001 0 eng d | ||
| 020 | _a9840511696 | ||
| 040 |
_aBD-DhUAP _bEng _cBD-DhUAP _dBD-DhUAP |
||
| 082 |
_223 _a320.95492 LOC |
||
| 245 |
_aLocal government in South Asia : _ba comparative study / _cedited by Kamal Siddiqui. |
||
| 260 |
_aDhaka : _bThe University press, _cc1992. |
||
| 300 |
_axvii, 345 pages ; _c22 cm. |
||
| 500 | _aIncludes index. | ||
| 650 |
_aLocal government _zSouth Asia. |
||
| 650 |
_aCentral-local government relations _zSouth Asia. |
||
| 650 | _aDecentralization in government. | ||
| 700 | _aSiddiqui, Kamal. | ||
| 942 |
_2ddc _cBK |
||